| 000 | 00437nam a2200133Ia 4500 | ||
|---|---|---|---|
| 008 | 160809s9999 xx 000 0 und d | ||
| 100 | _aAdhya, Soumajit. | ||
| 245 | _aAutomated Short Answer Grader Using Friendship Graphs | ||
| 245 | _cSoumajit Adhya and S. K. Setua, J.D. | ||
| 260 | _bComputer Science and Information Technology | ||
| 260 | _cJuly 2016 | ||
| 650 | _xINFORMATION TECHNOLOGY | ||
| 856 | _uhttp://airccse.org/V6N56.html | ||
| 999 |
_c300134 _d300134 |
||